| 000 | 00705nam a2200217 i 4500 | ||
|---|---|---|---|
| 001 | 89161 | ||
| 003 | ES-MaACL | ||
| 005 | 20251004063131.0 | ||
| 008 | 050105q1952 sp |||| | spa d | ||
| 100 | 1 |
_aHernando de Larramendi, Ignacio, _d1921-2001 _963102 |
|
| 245 | 1 | 0 |
_aTres claves de la vida inglesa / _cpor Ignacio Hernando de Larramendi. |
| 260 |
_a[Madrid] : _bCálamo, _c[1952?] |
||
| 300 |
_aXXIII, 189 p. ; _c19 cm. |
||
| 490 | 1 |
_aEsplandián ; _v2 |
|
| 650 | 4 |
_aAbogados- _zGran Bretaña. _9168744 |
|
| 650 | 4 |
_aComercio- _zGran Bretaña. _9168745 |
|
| 830 | 0 |
_aEsplandián ; _v2 _9184457 |
|
| 852 |
_aES-MaACL _jD-9167 |
||
| 852 |
_aES-MaACL _jC-17658 |
||
| 999 |
_c89161 _d89161 |
||